Orthogonal polynomials. vol.XVIII /
Spremljeno u:
| Autor kompanije: | |
|---|---|
| Format: | Sách giấy |
| Jezik: | English |
| Izdano: |
New York :
American mathematical Society,
1939.
|
| Oznake: |
Dodaj oznaku
Bez oznaka, Budi prvi tko označuje ovaj zapis!
|
| Thư viện lưu trữ: | Thư viện Trường Đại học Đà Lạt |
|---|
| LEADER | 00717nam a2200301 4500 | ||
|---|---|---|---|
| 001 | DLU100104682 | ||
| 005 | ##20100315 | ||
| 040 | # | # | |a DLU |b vie |
| 041 | # | # | |a eng |
| 044 | # | # | |a vn |
| 082 | # | # | |a 510 |b AME |
| 110 | # | # | |a American mathematical Society. |
| 245 | # | # | |a Orthogonal polynomials. |n vol.XVIII / |c American mathematical Society. |
| 260 | # | # | |a New York : |b American mathematical Society, |c 1939. |
| 300 | # | # | |a ix, 401 p. ; |c 26 cm. |
| 923 | # | # | |a 22/2009 |
| 990 | # | # | |a vol. XVIII |
| 991 | # | # | |a SH |
| 992 | # | # | |a 4100 |
| 994 | # | # | |a DLU |
| 900 | # | # | |a True |
| 911 | # | # | |a Đào Thị Thu Huyền |
| 925 | # | # | |a G |
| 926 | # | # | |a A |
| 927 | # | # | |a SH |
| 980 | # | # | |a Thư viện Trường Đại học Đà Lạt |